[Event "II Weekend Accademia A Inverno"]
[Site "Roma ITA"]
[Date "2006.02.04"]
[Round "3"]
[White "Tripoli, Enrico"]
[Black "Sautto, Daniele"]
[Result "0-1"]
[WhiteElo "1970"]
[BlackElo "2166"]
[PlyCount "82"]
[EventDate "2006.02.03"]

1. e4 d5 2. exd5 Qxd5 3. Nc3 Qe5+ 4. Be2 c6 5. d4 Qc7 6. Bf3 Bf5 7. Nge2 e6 8.
Ng3 Bg6 9. O-O Nf6 10. Re1 Be7 11. Nce2 O-O 12. Nf4 Bd6 13. Nxg6 hxg6 14. c4
Rd8 15. Be3 Nbd7 16. Qb3 Rab8 17. Rad1 c5 18. d5 exd5 19. Bxd5 Nxd5 20. Rxd5
Nf6 21. Bg5 Nxd5 22. Bxd8 Rxd8 23. cxd5 Be5 24. Rd1 Qb6 25. Qxb6 axb6 26. b4 c4
27. Nf1 b5 28. Ne3 Ra8 29. d6 Kf8 30. d7 Ke7 31. a4 bxa4 32. Nxc4 Bc7 33. b5 a3
34. Re1+ Kxd7 35. Kf1 a2 36. Rd1+ Ke6 37. Ra1 Kd5 38. b6 Kxc4 39. Rc1+ Kb3 40.
bxc7 a1=Q 41. c8=Q Qa6+ 0-1

[Event "II Weekend Accademia A Inverno"]
[Site "Roma ITA"]
[Date "2006.02.04"]
[Round "3"]
[White "Vallifuoco, Giovanni"]
[Black "Sabetta, Alessandro"]
[Result "0-1"]
[WhiteElo "2189"]
[BlackElo "2021"]
[PlyCount "104"]
[EventDate "2006.02.03"]

1. d4 f5 2. Nf3 Nf6 3. g3 e6 4. Bg2 d5 5. O-O Bd6 6. b3 O-O 7. Bb2 c6 8. Nbd2
Bd7 9. c4 Be8 10. Qc2 Ne4 11. e3 Nd7 12. c5 Bc7 13. b4 Qf6 14. b5 cxb5 15. c6
bxc6 16. Qxc6 Rc8 17. Qb7 Nb6 18. Rac1 Rf7 19. Qa6 Qd8 20. h4 Bd6 21. Nxe4 fxe4
22. Ng5 Re7 23. Ba3 Rxc1 24. Rxc1 Bxa3 25. Qxa3 Nc4 26. Qa6 Qb6 27. Qc8 Qc6 28.
Qb8 h6 29. Nh3 Qc7 30. Qa8 Qb7 31. Qd8 Qd7 32. Qb8 Qc7 33. Qa8 g6 34. Nf4 Kg7
35. Nxe6+ Rxe6 36. Qxd5 Qd7 37. Bxe4 Qe7 38. Bd3 Bc6 39. Qc5 Qxc5 40. dxc5 Ne5
41. Be2 Nf3+ 42. Kf1 Kf6 43. Bxf3 Bxf3 44. Ke1 Ke5 45. a4 b4 46. Rb1 a5 47. Kd2
Rc6 48. Rc1 Kd5 49. e4+ Bxe4 50. Ke3 Bf5 51. Rd1+ Kxc5 52. Kf4 Bc2 0-1

[Event "II Weekend Accademia A Inverno"]
[Site "Roma ITA"]
[Date "2006.02.04"]
[Round "3"]
[White "Vuelban, Virgilio"]
[Black "Failli, Riccardo"]
[Result "1-0"]
[WhiteElo "2305"]
[BlackElo "1874"]
[PlyCount "61"]
[EventDate "2006.02.03"]

1. e4 e5 2. Nf3 Nc6 3. d4 exd4 4. Nxd4 Bc5 5. Be3 Qf6 6. c3 Nge7 7. Bc4 O-O 8.
O-O d6 9. Nxc6 Nxc6 10. Bxc5 dxc5 11. f4 Be6 12. Na3 a6 13. Qf3 b5 14. Bd3 c4
15. Be2 Bc8 16. Qe3 Bb7 17. e5 Qh6 18. Bf3 Rfe8 19. Rae1 Rad8 20. Nc2 Rd3 21.
Qc1 Na5 22. Nd4 Bxf3 23. Rxf3 c5 24. Nf5 Qe6 25. Nxg7 Kxg7 26. f5 Qd7 27. Qg5+
Kh8 28. Qf6+ Kg8 29. Rf4 Qd8 30. Qh6 Kh8 31. Rh4 1-0

[Event "II Weekend Accademia A Inverno"]
[Site "Roma ITA"]
[Date "2006.02.05"]
[Round "4"]
[White "Bellincampi, Stefano"]
[Black "Macor, Carlo"]
[Result "1-0"]
[WhiteElo "2048"]
[BlackElo "1892"]
[PlyCount "139"]
[EventDate "2006.02.03"]

1. e4 d6 2. d4 Nf6 3. Nc3 g6 4. Be3 c6 5. Nf3 b5 6. Bd3 Nbd7 7. Qd2 Nb6 8. b3
Bg4 9. h3 Bxf3 10. gxf3 e5 11. Ne2 Qc7 12. O-O Bg7 13. Bh6 O-O 14. dxe5 dxe5
15. Ng3 Rad8 16. Qg5 Bxh6 17. Qxh6 Kh8 18. Rad1 Ng8 19. Qe3 a6 20. Qc5 Nd7 21.
Qa3 a5 22. c3 Qb6 23. b4 axb4 24. Qxb4 Qc5 25. Bc2 Qb6 26. c4 bxc4 27. Qxc4 Ne7
28. Bb3 c5 29. Ba4 Nc6 30. Rd5 Rfe8 31. Rfd1 Qc7 32. Bxc6 Qxc6 33. Qd3 Re7 34.
Nf1 Kg7 35. Ne3 Kf8 36. Nc4 f6 37. Rd6 Qc7 38. Rxf6+ Nxf6 39. Qxd8+ Kf7 40.
Qxc7 Rxc7 41. Nxe5+ Ke6 42. Nc4 Nh5 43. Kh2 Rd7 44. Rxd7 Kxd7 45. h4 Kc6 46. a4
Nf6 47. Kg3 Ne8 48. Kf4 h6 49. Ne5+ Kb6 50. Nxg6 c4 51. Ke3 Ka5 52. Ne5 Nd6 53.
Kd2 Kxa4 54. Kc3 Kb5 55. h5 Kc5 56. Nd7+ Kb5 57. e5 Nf5 58. Nf6 Kc5 59. f4 Ng7
60. f3 Nf5 61. Ne4+ Kd5 62. Nd6 Ng3 63. Nxc4 Nxh5 64. Ne3+ Ke6 65. Ng2 Ng7 66.
Kd3 h5 67. Nh4 Nf5 68. Nxf5 Kxf5 69. Ke3 h4 70. Kf2 1-0

[Event "II Weekend Accademia A Inverno"]
[Site "Roma ITA"]
[Date "2006.02.05"]
[Round "4"]
[White "Corso, Sergio"]
[Black "Micaloni, Mario"]
[Result "1/2-1/2"]
[WhiteElo "2302"]
[BlackElo "1862"]
[PlyCount "110"]
[EventDate "2006.02.03"]

1. d4 Nf6 2. c4 g6 3. Nc3 d5 4. cxd5 Nxd5 5. Nf3 Bg7 6. g3 O-O 7. Bg2 c6 8. O-O
Nd7 9. Nxd5 cxd5 10. Bf4 Nb6 11. Rc1 Nc4 12. b3 Nd6 13. Ne5 e6 14. Qd2 f6 15.
Nd3 g5 16. Bxd6 Qxd6 17. f4 g4 18. f5 e5 19. Qb4 Rd8 20. Qxd6 Rxd6 21. dxe5
fxe5 22. Rc5 e4 23. f6 Bxf6 24. Rxd5 Bd4+ 25. Rxd4 Rxd4 26. Rf4 Kg7 27. Bxe4
Be6 28. Bxb7 Rxf4 29. gxf4 Rd8 30. Kf2 h5 31. Nc5 Bd5 32. Ba6 Rd6 33. Bd3 a5
34. e4 Bf7 35. Ke3 Rc6 36. Nd7 a4 37. bxa4 Bxa2 38. a5 Rc3 39. Kd4 Ra3 40. a6
h4 41. Ne5 g3 42. hxg3 hxg3 43. Nf3 Be6 44. f5 Bc8 45. e5 Bxf5 46. Bxf5 Rxf3
47. Bh3 Ra3 48. Ke4 Rxa6 49. Kf4 Ra3 50. Kg4 Kg6 51. Kh4 Re3 52. Kg4 Kf7 53.
Kf4 Ra3 54. Kg4 Ke6 55. Kf4+ Ke7 1/2-1/2

[Event "II Weekend Accademia A Inverno"]
[Site "Roma ITA"]
[Date "2006.02.05"]
[Round "4"]
[White "Failli, Riccardo"]
[Black "Marotta, Michele"]
[Result "1/2-1/2"]
[WhiteElo "1874"]
[BlackElo "2066"]
[PlyCount "74"]
[EventDate "2006.02.03"]

1. e4 c5 2. Nf3 Nc6 3. d4 cxd4 4. Nxd4 e5 5. Nb5 d6 6. c4 Be7 7. Be2 f5 8. exf5
Bxf5 9. Bh5+ g6 10. Bg4 Bxg4 11. Qxg4 Nf6 12. Qd1 O-O 13. Bg5 a6 14. N5c3 Nd4
15. Na3 Rc8 16. O-O Nh5 17. Be3 Nf5 18. Qd5+ Kh8 19. Qxb7 Rb8 20. Qxa6 Nxe3 21.
fxe3 Rxb2 22. Nd5 Nf6 23. Nxe7 Qxe7 24. Nb5 d5 25. Qd6 Qxd6 26. Nxd6 dxc4 27.
Nxc4 Rb5 28. a4 Rc5 29. Nb6 Kg7 30. a5 Rf7 31. Rfc1 Rb5 32. Nc4 Ra7 33. Rcb1
Rc5 34. Rb4 Nd5 35. Rba4 Nc3 36. Rb4 Nd5 37. Rba4 Nc3 1/2-1/2

[Event "II Weekend Accademia A Inverno"]
[Site "Roma ITA"]
[Date "2006.02.05"]
[Round "4"]
[White "Fayard, Alain"]
[Black "Ramondino, Renzo"]
[Result "0-1"]
[WhiteElo "2271"]
[BlackElo "2273"]
[PlyCount "84"]
[EventDate "2006.02.03"]

1. d4 Nf6 2. c4 g6 3. Nc3 Bg7 4. e4 d6 5. Nf3 O-O 6. Be2 e5 7. O-O Nc6 8. d5
Ne7 9. b4 Nh5 10. Re1 a5 11. Ba3 f5 12. c5 Nf4 13. Bc4 fxe4 14. Ng5 Nd3 15.
Bxd3 exd3 16. cxd6 cxd6 17. bxa5 Nxd5 18. Qb3 Qxg5 19. Qxd5+ Kh8 20. Bxd6 Rd8
21. Ne4 Qe7 22. Qc5 Qe8 23. Rad1 Ra6 24. Rxd3 Bf5 25. Qa3 Bxe4 26. Rxe4 Rdxd6
27. Rxd6 Bf8 28. Rxa6 Bxa3 29. Rb6 Qc8 30. Re1 Bc5 31. Rb5 Bd4 32. Reb1 Qc2 33.
Rxb7 Qxf2+ 34. Kh1 Qxa2 35. Rc1 Bc5 36. Rb5 Bd6 37. Rb7 Kg8 38. Rd7 Bf8 39. Ra7
e4 40. Ra8 e3 41. Re8 Qd2 42. Ra1 e2 0-1

[Event "II Weekend Accademia A Inverno"]
[Site "Roma ITA"]
[Date "2006.02.05"]
[Round "4"]
[White "Luzi, Alessandro"]
[Black "Ferraguto, Andrea"]
[Result "0-1"]
[WhiteElo "1933"]
[BlackElo "2039"]
[PlyCount "94"]
[EventDate "2006.02.03"]

1. e4 c5 2. Nf3 d6 3. d4 cxd4 4. Nxd4 Nf6 5. Nc3 a6 6. Be2 e6 7. Be3 Be7 8. O-O
O-O 9. f4 Qc7 10. Qe1 Nc6 11. Qg3 Nxd4 12. Bxd4 b5 13. Bf3 Bb7 14. e5 Ne8 15.
f5 exf5 16. Nd5 Bxd5 17. Bxd5 dxe5 18. Bxa8 exd4 19. Qxc7 Nxc7 20. Bf3 Bg5 21.
Be2 Be3+ 22. Kh1 g6 23. Bd3 Rd8 24. a4 b4 25. b3 a5 26. Rae1 Ne6 27. Bc4 Nc5
28. g3 Ne4 29. Bb5 Rc8 30. Bd3 Kg7 31. Kg2 h5 32. Rf3 Re8 33. Rfxe3 dxe3 34.
Rxe3 Kf6 35. Kf3 Ng5+ 36. Ke2 Rxe3+ 37. Kxe3 Ke5 38. Bc4 Ne6 39. Bb5 f4+ 40.
gxf4+ Nxf4 41. Be8 f5 42. Bf7 h4 43. c4 bxc3 44. b4 axb4 45. a5 Nd5+ 46. Kd3 g5
47. a6 Nb6 0-1

[Event "II Weekend Accademia A Inverno"]
[Site "Roma ITA"]
[Date "2006.02.05"]
[Round "4"]
[White "Nicolai, Antonio"]
[Black "Foschini, Andrea"]
[Result "0-1"]
[WhiteElo "1804"]
[BlackElo "1939"]
[PlyCount "96"]
[EventDate "2006.02.03"]

1. d4 d5 2. c4 c6 3. cxd5 cxd5 4. Nf3 Nf6 5. e3 Nc6 6. a3 Bf5 7. b4 Rc8 8. Bb5
a6 9. Bxc6+ Rxc6 10. Bb2 Bc2 11. Qe2 Bg6 12. Nc3 e6 13. Rc1 Bd6 14. O-O O-O 15.
Ne5 Rc8 16. Nxg6 hxg6 17. e4 Bf4 18. Rb1 dxe4 19. Nxe4 Nd5 20. Nc5 Qe7 21. Nd3
Bb8 22. Ne5 Rc7 23. Rbc1 Rfc8 24. Rxc7 Rxc7 25. Qg4 Qf6 26. Rc1 Rxc1+ 27. Bxc1
Bxe5 28. dxe5 Qxe5 29. Qd1 Kf8 30. h3 b5 31. Be3 Ke8 32. Bc5 Qb2 33. Qd4 Qxd4
34. Bxd4 f6 35. g3 Kd7 36. f4 Ne7 37. g4 Nc6 38. Bc5 Ke8 39. Kf2 Kf7 40. Ke3
Ne7 41. Bxe7 Kxe7 42. Ke4 Kd6 43. Kd4 e5+ 44. Ke4 Ke6 45. f5+ gxf5+ 46. gxf5+
Kd6 47. h4 Kc6 48. h5 Kd6 0-1

[Event "II Weekend Accademia A Inverno"]
[Site "Roma ITA"]
[Date "2006.02.05"]
[Round "4"]
[White "Quimi, Marco"]
[Black "Vallifuoco, Giovanni"]
[Result "1-0"]
[WhiteElo "2195"]
[BlackElo "2189"]
[PlyCount "79"]
[EventDate "2006.02.03"]

1. e4 c5 2. Bc4 Nc6 3. Nf3 g6 4. O-O Bg7 5. c3 e5 6. d3 Nge7 7. Nbd2 O-O 8. Re1
d5 9. exd5 Nxd5 10. Ne4 b6 11. a4 Kh8 12. a5 Nxa5 13. Rxa5 bxa5 14. Neg5 f6 15.
Qb3 a4 16. Qa2 Rb8 17. Bxd5 fxg5 18. Nxg5 Bf5 19. Nf7+ Rxf7 20. Bxf7 Bxd3 21.
Qxa4 Qc7 22. Bd5 c4 23. h3 Qc5 24. Bf3 a5 25. Be3 Qb5 26. Qxb5 Rxb5 27. Bc1 Bf6
28. Be4 Kg7 29. g3 Rb6 30. Kg2 h6 31. h4 a4 32. Kf3 g5 33. h5 a3 34. bxa3 Rb3
35. Bd2 Rxa3 36. Bxd3 cxd3 37. Ke4 Be7 38. Kxd3 Kf6 39. g4 Bc5 40. f3 1-0

[Event "II Weekend Accademia A Inverno"]
[Site "Roma ITA"]
[Date "2006.02.05"]
[Round "4"]
[White "Sautto, Alessandra"]
[Black "Caporale, Giuseppe Guido"]
[Result "1-0"]
[WhiteElo "1981"]
[BlackElo "1866"]
[PlyCount "67"]
[EventDate "2006.02.03"]

1. d4 Nf6 2. Nf3 e6 3. Nbd2 d5 4. e3 c5 5. c3 c4 6. Qc2 b5 7. e4 dxe4 8. Nxe4
Nbd7 9. a4 Bb7 10. Nxf6+ Nxf6 11. axb5 Bxf3 12. gxf3 Qd5 13. Qe2 Rc8 14. Rxa7
Qxb5 15. Bf4 Nd5 16. Bg3 Be7 17. Bg2 Bf6 18. O-O O-O 19. Rfa1 Bd8 20. R1a2 Re8
21. Bf1 Rc6 22. R7a4 Qb3 23. R2a3 Qb5 24. Ra2 Bb6 25. Rxc4 Qb3 26. Rca4 Bc7 27.
R2a3 Qb7 28. Bxc7 Qxc7 29. Qe5 Qd8 30. Bb5 f6 31. Qg3 e5 32. Bxc6 Nf4 33. Qg4
h5 34. Qd7 1-0

[Event "II Weekend Accademia A Inverno"]
[Site "Roma ITA"]
[Date "2006.02.05"]
[Round "4"]
[White "Tripoli, Enrico"]
[Black "Buonocore, Riccardo"]
[Result "0-1"]
[WhiteElo "1970"]
[BlackElo "1927"]
[PlyCount "110"]
[EventDate "2006.02.03"]

1. e4 Nf6 2. e5 Nd5 3. d4 d6 4. c4 Nb6 5. exd6 cxd6 6. Nc3 g6 7. Be3 Bg7 8. Rc1
Nc6 9. Qd2 O-O 10. h3 d5 11. c5 Nc4 12. Bxc4 dxc4 13. Nf3 Bf5 14. O-O Bd3 15.
Rfd1 Nxd4 16. Nxd4 Bxd4 17. b3 Bf6 18. Ne2 Be4 19. Qb4 Qc7 20. Qxc4 Bc6 21. Nf4
Rfd8 22. Nd5 Bxd5 23. Rxd5 Rxd5 24. Qxd5 Rd8 25. Qe4 Qc6 26. Qxc6 bxc6 27. Kf1
Kf8 28. Ke2 Ke8 29. Rc4 Ra8 30. Bd4 e5 31. Bc3 Kd7 32. Kd3 Ke6 33. f4 Bh8 34.
fxe5 Bxe5 35. Bxe5 Kxe5 36. Rh4 h5 37. Kc4 Rb8 38. b4 f5 39. g4 hxg4 40. hxg4
f4 41. Rh7 Rf8 42. Rxa7 f3 43. Re7+ Kf4 44. Re1 Kxg4 45. a4 f2 46. Rd1 Ra8 47.
Kb3 Kf3 48. b5 Ke2 49. Rc1 f1=Q 50. Rxf1 Kxf1 51. b6 g5 52. Kb4 g4 53. a5 g3
54. a6 Rxa6 55. b7 Ra1 0-1

[Event "II Weekend Accademia A Inverno"]
[Site "Roma ITA"]
[Date "2006.02.05"]
[Round "4"]
[White "Tudorache, Marian"]
[Black "Ferretti, Folco"]
[Result "1/2-1/2"]
[WhiteElo "2078"]
[BlackElo "2264"]
[PlyCount "91"]
[EventDate "2006.02.03"]

1. e4 e5 2. Nf3 Nc6 3. Bb5 Nf6 4. O-O Nxe4 5. d4 Nd6 6. Bxc6 dxc6 7. dxe5 Nf5
8. Qxd8+ Kxd8 9. Nc3 Bd7 10. Rd1 Kc8 11. b3 h6 12. Bb2 a5 13. Ne4 c5 14. Ng3
Nxg3 15. hxg3 Be6 16. c4 Be7 17. Nh2 a4 18. Nf1 Rd8 19. Rxd8+ Bxd8 20. Ne3 h5
21. f4 g6 22. Kf2 c6 23. g4 hxg4 24. Kg3 Ra6 25. Bc3 b5 26. f5 gxf5 27. Kf4 Ba5
28. Bxa5 Rxa5 29. Rb1 axb3 30. axb3 Ra2 31. cxb5 cxb5 32. Rc1 Kb7 33. Rxc5 Kb6
34. b4 Rb2 35. Nd5+ Bxd5 36. Rxd5 Rxb4+ 37. Kxf5 Rc4 38. g3 b4 39. Kf6 b3 40.
Rd1 Rc3 41. Kxf7 Rf3+ 42. Kg6 Rxg3 43. e6 Re3 44. Kf7 Kc5 45. e7 Kc4 46. Rg1
1/2-1/2

[Event "II Weekend Accademia A Inverno"]
[Site "Roma ITA"]
[Date "2006.02.05"]
[Round "4"]
[White "Vocaturo, Daniele"]
[Black "Sabetta, Alessandro"]
[Result "1-0"]
[WhiteElo "2358"]
[BlackElo "2021"]
[PlyCount "31"]
[EventDate "2006.02.03"]

1. e4 e5 2. Nf3 Nf6 3. d4 exd4 4. e5 Ne4 5. Qxd4 f5 6. exf6 Nxf6 7. Bd3 Nc6 8.
Qh4 Nb4 9. Bg6+ hxg6 10. Qxh8 Qe7+ 11. Kd1 Ng4 12. Rf1 d5 13. Bg5 Qc5 14. Re1+
Kf7 15. Nc3 Bd6 16. Qe8# 1-0

[Event "II Weekend Accademia A Inverno"]
[Site "Roma ITA"]
[Date "2006.02.05"]
[Round "4"]
[White "Vuelban, Virgilio"]
[Black "Tomescu, Vlad"]
[Result "1/2-1/2"]
[WhiteElo "2305"]
[BlackElo "2391"]
[PlyCount "79"]
[EventDate "2006.02.03"]

1. e4 e5 2. Nf3 Nc6 3. Bb5 a6 4. Ba4 Nf6 5. O-O Be7 6. Re1 b5 7. Bb3 O-O 8. c3
d5 9. exd5 Nxd5 10. Nxe5 Nxe5 11. Rxe5 c6 12. Bxd5 cxd5 13. d4 Bd6 14. Re3 Qh4
15. h3 Qf4 16. Re5 Qf6 17. Re1 Qg6 18. Qf3 Bf5 19. Be3 Rae8 20. Nd2 h5 21. Bf4
Bxf4 22. Qxf4 Bxh3 23. Qf3 Qc2 24. Nf1 Bg4 25. Qxd5 Qxb2 26. Qb3 Re2 27. Rxe2
Qxa1 28. f3 Bf5 29. Kf2 Rc8 30. Re3 h4 31. d5 Qb1 32. Nd2 Qc1 33. Ne4 Bxe4 34.
fxe4 Qd2+ 35. Kf3 g5 36. c4 bxc4 37. Qb7 Rf8 38. Qe7 g4+ 39. Kf4 Qf2+ 40. Rf3
1/2-1/2

[Event "II Weekend Accademia A Inverno"]
[Site "Roma ITA"]
[Date "2006.02.05"]
[Round "5"]
[White "Buonocore, Riccardo"]
[Black "Luzi, Alessandro"]
[Result "0-1"]
[WhiteElo "1927"]
[BlackElo "1933"]
[PlyCount "56"]
[EventDate "2006.02.03"]

1. d4 Nf6 2. c4 g6 3. Nc3 Bg7 4. e4 d6 5. f3 O-O 6. Be3 e5 7. d5 a5 8. Bd3 Na6
9. Nge2 Ne8 10. O-O f5 11. exf5 gxf5 12. Qd2 f4 13. Bf2 Nf6 14. a3 Bd7 15. Bc2
Qe8 16. c5 Qh5 17. cxd6 cxd6 18. Rac1 Kh8 19. Bb6 Bh6 20. Ne4 Nxe4 21. Bxe4 Rg8
22. Nc3 Bh3 23. Rf2 Bd7 24. Qd3 Bg5 25. Bf5 Bxf5 26. Qxf5 Raf8 27. Qh3 Qxh3 28.
gxh3 Bd8+ 0-1

[Event "II Weekend Accademia A Inverno"]
[Site "Roma ITA"]
[Date "2006.02.05"]
[Round "5"]
[White "Coscia, Alberto"]
[Black "Vallifuoco, Giovanni"]
[Result "0-1"]
[WhiteElo "1809"]
[BlackElo "2189"]
[PlyCount "48"]
[EventDate "2006.02.03"]

1. e4 c5 2. Nf3 Nc6 3. d4 cxd4 4. Nxd4 g6 5. c3 Bg7 6. Be3 Nf6 7. f3 O-O 8. Be2
d5 9. Qc2 dxe4 10. fxe4 Ne5 11. Nd2 Bg4 12. N4f3 Bxf3 13. gxf3 Qc7 14. Bf4
Nxf3+ 15. Bxf3 Qxf4 16. O-O-O Bh6 17. Kb1 Rad8 18. e5 Ne8 19. Bxb7 Rxd2 20.
Rxd2 Qxd2 21. Qxd2 Bxd2 22. h3 Nc7 23. a4 Rb8 24. Kc2 Rxb7 0-1

[Event "II Weekend Accademia A Inverno"]
[Site "Roma ITA"]
[Date "2006.02.05"]
[Round "5"]
[White "Ferraguto, Andrea"]
[Black "Corso, Sergio"]
[Result "0-1"]
[WhiteElo "2039"]
[BlackElo "2302"]
[PlyCount "88"]
[EventDate "2006.02.03"]

1. e4 c5 2. Nf3 e6 3. d4 cxd4 4. Nxd4 Nc6 5. Nc3 d6 6. Be2 Nf6 7. O-O Be7 8.
Be3 O-O 9. f4 Qc7 10. Qe1 Nxd4 11. Bxd4 e5 12. fxe5 dxe5 13. Qg3 Bc5 14. Bxc5
Qxc5+ 15. Kh1 Qe7 16. Rad1 a6 17. Bf3 Bd7 18. Rfe1 Rae8 19. Nd5 Nxd5 20. exd5
Qd6 21. c4 b6 22. a3 a5 23. Rc1 a4 24. Qf2 Rc8 25. Qd2 f5 26. Qb4 Rc5 27. Bd1
Ra8 28. Qc3 e4 29. b4 axb3 30. Qxb3 Rf8 31. Rb1 Rf6 32. Bc2 Ra5 33. Qb4 Qe5 34.
Rb3 Rh6 35. h3 Rc5 36. Qc3 Qd6 37. Qd4 Ra5 38. Reb1 Ra6 39. Rb4 Rxa3 40. R4b3
Rxb3 41. Rxb3 Rg6 42. Rc3 Qf4 43. Qd1 Qf2 44. Qg1 Qd2 0-1

[Event "II Weekend Accademia A Inverno"]
[Site "Roma ITA"]
[Date "2006.02.05"]
[Round "5"]
[White "Ferretti, Folco"]
[Black "Failli, Riccardo"]
[Result "0-1"]
[WhiteElo "2264"]
[BlackElo "1874"]
[PlyCount "88"]
[EventDate "2006.02.03"]

1. e4 e5 2. Nf3 Nc6 3. Bb5 f5 4. d3 fxe4 5. dxe4 Nf6 6. O-O Bc5 7. Bc4 d6 8.
Nc3 Bg4 9. Qd3 Nb4 10. Qe2 Bxf3 11. Qxf3 Nxc2 12. Bg5 h6 13. Bxf6 Qxf6 14. Qxf6
gxf6 15. Rac1 Nd4 16. Nd5 O-O-O 17. b4 Bb6 18. Nxf6 c6 19. Ng4 Rdf8 20. Kh1 Kd7
21. Ne3 Rf4 22. g3 Rff8 23. Rcd1 Rf3 24. Kg2 Rhf8 25. Rd3 h5 26. h4 Nc2 27. Nf5
Rxd3 28. Bxd3 Nxb4 29. Be2 Nxa2 30. Bxh5 Nc3 31. f3 a5 32. Rc1 Bd4 33. Bg4 Kc7
34. h5 a4 35. Nxd4 exd4 36. Be6 b5 37. h6 Rh8 38. Rh1 d3 39. h7 d2 40. Bg8 d1=Q
41. Rxd1 Nxd1 42. g4 Ne3+ 43. Kf2 Nc4 44. g5 a3 0-1

[Event "II Weekend Accademia A Inverno"]
[Site "Roma ITA"]
[Date "2006.02.05"]
[Round "5"]
[White "Foschini, Andrea"]
[Black "Bellincampi, Stefano"]
[Result "0-1"]
[WhiteElo "1939"]
[BlackElo "2048"]
[PlyCount "80"]
[EventDate "2006.02.03"]

1. e4 e5 2. Nf3 Nc6 3. Bb5 a6 4. Ba4 Nf6 5. O-O Be7 6. Re1 b5 7. Bb3 d6 8. c3
O-O 9. h3 Na5 10. Bc2 c5 11. d4 Nd7 12. Nbd2 exd4 13. cxd4 Nc6 14. Nf1 Re8 15.
Ng3 g6 16. Be3 Bf6 17. e5 cxd4 18. exf6 dxe3 19. Be4 exf2+ 20. Kxf2 Qb6+ 21.
Kf1 Nxf6 22. Qxd6 Re6 23. Qf4 Nxe4 24. Nxe4 Nd4 25. Nfg5 f5 26. Nxe6 Bxe6 27.
Nf6+ Kf7 28. Rxe6 Nxe6 29. Qe5 Rd8 30. Re1 Qd6 31. Nxh7 Qxe5 32. Rxe5 Rh8 33.
Rxe6 Kxe6 34. Ng5+ Kd5 35. Ke2 Rc8 36. Kd2 a5 37. Nf3 b4 38. b3 Ke4 39. Ng1 Rc3
40. Ne2 Rd3+ 0-1

[Event "II Weekend Accademia A Inverno"]
[Site "Roma ITA"]
[Date "2006.02.05"]
[Round "5"]
[White "Macor, Carlo"]
[Black "Nicolai, Antonio"]
[Result "1-0"]
[WhiteElo "1892"]
[BlackElo "1804"]
[PlyCount "103"]
[EventDate "2006.02.03"]

1. c4 e6 2. b3 Qf6 3. Nc3 Bc5 4. e3 a6 5. Bb2 Ba7 6. Qc2 Qe7 7. Nf3 Nf6 8. d4
d6 9. Bd3 h6 10. O-O Nbd7 11. b4 c5 12. dxc5 dxc5 13. b5 a5 14. Rfd1 b6 15. Ne4
Bb7 16. Ne5 Nxe5 17. Bxe5 Rd8 18. Nxf6+ gxf6 19. Bg3 f5 20. e4 Bb8 21. Bxb8
Rxb8 22. exf5 Qg5 23. Be4 Bxe4 24. Qxe4 Qxf5 25. Qxf5 exf5 26. Rd5 Ke7 27. Re1+
Kf6 28. Rd6+ Kg5 29. f3 Rhd8 30. Red1 Rxd6 31. Rxd6 h5 32. Kf2 f4 33. Rd5+ f5
34. g3 fxg3+ 35. hxg3 Rb7 36. Rd6 h4 37. f4+ Kh5 38. gxh4 Kxh4 39. Kf3 Kh5 40.
Rf6 Rd7 41. Rxf5+ Kg6 42. Rd5 Rxd5 43. cxd5 Kf6 44. Ke4 Ke7 45. Ke5 Kd7 46. a4
Ke7 47. d6+ Kd7 48. Kd5 c4 49. Kxc4 Kxd6 50. f5 Ke5 51. f6 Kxf6 52. Kd5 1-0

[Event "II Weekend Accademia A Inverno"]
[Site "Roma ITA"]
[Date "2006.02.05"]
[Round "5"]
[White "Marotta, Michele"]
[Black "Di Lascio, Savino"]
[Result "0-1"]
[WhiteElo "2066"]
[BlackElo "1952"]
[PlyCount "78"]
[EventDate "2006.02.03"]

1. e4 c6 2. d4 d5 3. Nc3 dxe4 4. Nxe4 Nf6 5. Nxf6+ gxf6 6. Nf3 Bf5 7. g3 Qd5 8.
Bg2 Qe4+ 9. Be3 Qxc2 10. O-O Qxd1 11. Rfxd1 Be4 12. Nd2 Bxg2 13. Kxg2 e6 14.
Ne4 Nd7 15. Rab1 h5 16. h4 O-O-O 17. b4 a6 18. a4 Nb6 19. b5 Nd5 20. bxa6 bxa6
21. Rdc1 Kc7 22. Rc4 Rc8 23. Rbc1 Kd7 24. Rb1 Be7 25. Bd2 Rb8 26. Rbc1 Rhc8 27.
R1c2 Nb6 28. Nc5+ Bxc5 29. Rxc5 Nd5 30. Kf3 Rb3+ 31. Ke2 f5 32. Ba5 f4 33. Be1
f5 34. f3 Re3+ 35. Kd2 Rxf3 36. gxf4 Rxf4 37. R5c4 Kd6 38. Ke2 Re4+ 39. Kd2 Ne3
0-1

[Event "II Weekend Accademia A Inverno"]
[Site "Roma ITA"]
[Date "2006.02.05"]
[Round "5"]
[White "Micaloni, Mario"]
[Black "Tudorache, Marian"]
[Result "1/2-1/2"]
[WhiteElo "1862"]
[BlackElo "2078"]
[PlyCount "118"]
[EventDate "2006.02.03"]

1. e4 c5 2. Nf3 Nc6 3. d4 cxd4 4. Nxd4 Nf6 5. Nc3 e5 6. Ndb5 d6 7. Bd3 a6 8.
Na3 Be6 9. Bg5 Be7 10. Nc4 b5 11. Ne3 Rb8 12. Bxf6 Bxf6 13. Ncd5 O-O 14. O-O
Bg5 15. g3 Bxe3 16. Nxe3 Ne7 17. c3 g6 18. Qd2 d5 19. exd5 Nxd5 20. Rfd1 Nf6
21. Qe2 Qc7 22. a4 bxa4 23. Bxa6 Bb3 24. Rd2 Qc5 25. Nc2 Rb6 26. Nb4 Re8 27.
Re1 e4 28. Qe3 Qxe3 29. Rxe3 Ng4 30. Re1 Ne5 31. Be2 f5 32. Ra1 Kg7 33. Bd1 Rb7
34. Kg2 Bxd1 35. Rdxd1 Nc4 36. Rdb1 e3 37. Rxa4 Nxb2 38. Raa1 Nc4 39. Re1 Rd7
40. Re2 Rd2 41. Rae1 exf2 42. Kxf2 Red8 43. Rxd2 Nxd2 44. Re7+ Kf6 45. Rc7 Ne4+
46. Ke3 Rd2 47. Rxh7 g5 48. g4 Kg6 49. Rh8 Kg7 50. Rc8 Rxh2 51. gxf5 Ng3 52.
Kf3 Nxf5 53. Kg4 Nd6 54. Rc7+ Nf7 55. Nd3 Kf6 56. Rc6+ Ke7 57. Rc7+ Kf6 58.
Rc6+ Ke7 59. Rc7+ Kf6 1/2-1/2

[Event "II Weekend Accademia A Inverno"]
[Site "Roma ITA"]
[Date "2006.02.05"]
[Round "5"]
[White "Sabetta, Alessandro"]
[Black "Quimi, Marco"]
[Result "0-1"]
[WhiteElo "2021"]
[BlackElo "2195"]
[PlyCount "78"]
[EventDate "2006.02.03"]

1. e4 c5 2. Nf3 Nc6 3. Bb5 g6 4. Bxc6 bxc6 5. O-O Bg7 6. Re1 Nf6 7. e5 Nd5 8.
c4 Nc7 9. d4 cxd4 10. Qxd4 d5 11. Nc3 Ne6 12. Qh4 O-O 13. cxd5 cxd5 14. Bh6 Bb7
15. Bxg7 Kxg7 16. Nd4 Rc8 17. Nxe6+ fxe6 18. Rad1 Qe8 19. Ne2 Rc2 20. Nd4 Rc4
21. b3 Rxd4 22. Qxd4 a6 23. Rc1 Rf7 24. Qb6 Bc8 25. Rc7 Bd7 26. a4 Qd8 27. Rec1
Be8 28. Rb7 Qxb6 29. Rxb6 Rf5 30. Ra1 Rf4 31. g3 Rd4 32. Rxa6 Rd3 33. b4 Rb3
34. b5 g5 35. Rxe6 Kf8 36. Ra6 Bh5 37. Ra8+ Kf7 38. Re1 Rb4 39. Kg2 39... d4 {
...} 0-1

[Event "II Weekend Accademia A Inverno"]
[Site "Roma ITA"]
[Date "2006.02.05"]
[Round "5"]
[White "Tomescu, Vlad"]
[Black "Ramondino, Renzo"]
[Result "1/2-1/2"]
[WhiteElo "2391"]
[BlackElo "2273"]
[PlyCount "94"]
[EventDate "2006.02.03"]

1. d4 Nf6 2. c4 g6 3. Nc3 Bg7 4. e4 d6 5. f3 O-O 6. Be3 c5 7. dxc5 dxc5 8. Qxd8
Rxd8 9. Bxc5 Nc6 10. Nd5 Nd7 11. Bxe7 Nxe7 12. Nxe7+ Kf8 13. Nd5 Bxb2 14. Rb1
Bg7 15. Nh3 Nc5 16. Nf2 Be6 17. Be2 Rac8 18. O-O Rd6 19. Rfd1 Ra6 20. Rd2 Ra3
21. Kf1 b6 22. g3 f5 23. Kg2 Bh6 24. Rc2 fxe4 25. fxe4 Nxe4 26. Nxb6 axb6 27.
Nxe4 Bd5 28. Bf3 Rxc4 29. Rxc4 Rxa2+ 30. Kh3 Bxc4 31. Rxb6 Bf1+ 32. Kg4 Rxh2
33. Rb8+ Ke7 34. Rb7+ Kd8 35. Ng5 Bxg5 36. Kxg5 Bd3 37. g4 h6+ 38. Kf4 g5+ 39.
Ke5 Ra2 40. Bd5 Ra6 41. Rb8+ Ke7 42. Rb7+ Kd8 43. Be6 Be2 44. Rh7 Ra5+ 45. Kf6
Ra6 46. Rd7+ Ke8 47. Rc7 Rxe6+ 1/2-1/2